000
00247nam a2200109Ia 4500
005
20251028132339.0
008
251020t2011||||xx |||||||||||||| ||spa||
041
_a
spa
245
0
_a
Métodos feministas en el derecho
260
_c
2011
942
_C
LB
_c
LB
999
_c
749
_d
749